|
|
|
|
| LEADER |
01615nam a22003733i 4500 |
| 001 |
EBC4457911 |
| 003 |
MiAaPQ |
| 005 |
20231204023213.0 |
| 006 |
m o d | |
| 007 |
cr cnu|||||||| |
| 008 |
231204s2014 xx o ||||0 chi d |
| 020 |
|
|
|a 9787560989723
|q (electronic bk.)
|
| 035 |
|
|
|a (MiAaPQ)EBC4457911
|
| 035 |
|
|
|a (Au-PeEL)EBL4457911
|
| 035 |
|
|
|a (CaPaEBR)ebr11186942
|
| 035 |
|
|
|a (OCoLC)946310447
|
| 040 |
|
|
|a MiAaPQ
|b eng
|e rda
|e pn
|c MiAaPQ
|d MiAaPQ
|
| 100 |
1 |
|
|a 张超勇.
|
| 245 |
1 |
0 |
|a 作业车间调度理论与算法.
|
| 250 |
|
|
|a 1st ed.
|
| 264 |
|
1 |
|a Huazhong :
|b Huazhong University of Science and Technology Press,
|c 2014.
|
| 264 |
|
4 |
|c {copy}2014.
|
| 300 |
|
|
|a 1 online resource (292 pages)
|
| 336 |
|
|
|a text
|b txt
|2 rdacontent
|
| 337 |
|
|
|a computer
|b c
|2 rdamedia
|
| 338 |
|
|
|a online resource
|b cr
|2 rdacarrier
|
| 505 |
0 |
|
|a 作业 度理 与算法封 -- 02 作业 度理 与算法-张 勇 -- CJDD BT.pdf -- CJDD ML.pdf -- CJDD 01-06.pdf -- CJDD 07-WX.pdf.
|
| 588 |
|
|
|a Description based on publisher supplied metadata and other sources.
|
| 590 |
|
|
|a Electronic reproduction. Ann Arbor, Michigan : ProQuest Ebook Central, 2023. Available via World Wide Web. Access may be limited to ProQuest Ebook Central affiliated libraries.
|
| 655 |
|
4 |
|a Electronic books.
|
| 700 |
1 |
|
|a 邵新宇.
|
| 776 |
0 |
8 |
|i Print version:
|a 张超勇
|t 作业车间调度理论与算法
|d Huazhong : Huazhong University of Science and Technology Press,c2014
|
| 797 |
2 |
|
|a ProQuest (Firm)
|
| 856 |
4 |
0 |
|u https://ebookcentral.proquest.com/lib/matrademy/detail.action?docID=4457911
|z Click to View
|